| 000 | 00594nam a2200181 4500 | ||
|---|---|---|---|
| 001 | 136675 | ||
| 003 | ES-MaACL | ||
| 005 | 20230906195211.0 | ||
| 007 | t| | ||
| 008 | 070214s1968 sp r ||||1| spa d | ||
| 100 | 1 |
_aSagardía, Ángel. _9139049 |
|
| 245 | 1 | 3 |
_aEl compositor aragonés Vicente Zurrón / _cAngel Sagardia. |
| 260 |
_aZaragoza : _bDiputación Provincial, _c1968. |
||
| 300 |
_a3 h. ; _c26 cm. |
||
| 500 | _aEs tirada aparte de `Zaragoza`, XXVIII, págs. 287-292. | ||
| 710 | 1 |
_aZaragoza (Provincia). _bDiputación Provincial. _97585 |
|
| 852 |
_aES-MaACL _j2070-F-28 _bR.72426 |
||
| 999 |
_c136675 _d136675 |
||